000 00454nam a2200157Ia 4500
008 240729s9999 xx 000 0 und d
245 0 _aJournal of Wildlife and Parks
260 _aMalaysia
260 _bDepartment of Wildlife and National Parks Peninsular Malaysia
650 _a Biology (General)
650 _a Ecology
650 _aScience
856 _uhttps://doaj.org/toc/d57dc52671fe49c39f209408b99d6a82
942 _2ddc
942 _cDOAJEJ
999 _c68147
_d68147
945 _a1
_bMadushi Gamage
_c1
_dMadushi Gamage